Anthropology and food policy (Record no. 115948)
[ view plain ]
| 000 -LEADER | |
|---|---|
| fixed length control field | 01641nam a2200373 a 4500 |
| 082 04 - DEWEY DECIMAL CLASSIFICATION NUMBER | |
| Classification number | 301 |
| 245 00 - TITLE STATEMENT | |
| Title | Anthropology and food policy |
| 260 ## - PUBLICATION, DISTRIBUTION, ETC. (IMPRINT) | |
| Place of publication | Athens, Ga. : |
| Name of publisher | University of Georgia Press, |
| Year of publication | c1991. |
| 300 ## - PHYSICAL DESCRIPTION | |
| Number of Pages | 1 online resource (191 p.) : |
| Other physical details | ill., photographs. |
| 490 0# - SERIES STATEMENT | |
| Series statement | Southern Anthropological Society proceedings ; |
| 650 #0 - SUBJECT ADDED ENTRY--TOPICAL TERM | |
| Topical Term | Nutrition policy |
| Topical Term | Nutrition policy |
| Topical Term | Applied anthropology |
| Topical Term | Applied anthropology |
| 700 1# - ADDED ENTRY--PERSONAL NAME | |
| Personal name | McMillan, Della E. |
| Personal name | Harlow, Jeanne. |
| 856 40 - ELECTRONIC LOCATION AND ACCESS | |
| Uniform Resource Identifier | http://site.ebrary.com/lib/rucke/Doc?id=10752286 |
| 588 ## - | |
| -- | Description based on online resource; title from title page (ebrary, viewed September 13, 2013). |
No items available.
